000 00614nam a2200229Ia 4500
003 OSt
005 20220924122657.0
006 a|||||r|||| 00| 0
007 ta
008 220923b |||||||| |||| 00| 0 urd d
024 _a310305
037 _cTextual
040 _aARTS
_cARTS
_burd
041 _2urd
_aurd
082 _aO168:gxN14, M7
100 _aAnsari Hayayullah
_9190315
245 0 _aJadeediyay ki sair
260 _aLucknow
_bKitab Dan India
_c1987
650 _aURDU LITERATURE
942 _hO168:gxN14, M7
_cTEXL
_2CC
999 _c412603
_d412603